1720 1867 1367 1803 1266 1567 1282 1250 1722 1892 1727 1843 1311 1251 1807 1951 1287 1187 1937 1787 1371 1901 1199 1197 1955 1803 1388 1593 1960 1941 1634 1291 1709 1576 1470 1848 1716 1494 1899 1836 1781 1534 1284 1868 1973 1009 1700 1527 1780 1054 1465 1090 1650 1095 1275 1401 1570 1225 1062 1097 1902 1640 1407 1010 1270 1437 1968 1916 1110 1165 1942 1442 1502 1365 1761 1599 1569 1264 1406 1163 1339 1411 1127 1924 1337 1624 1657 1791 1734 1723 1619 1157 1562 1164 1695 1644 1928 1341 1382 BCNSPRNW ULIB Ver.6.0+V

เปลี่ยนเป็นภาษาไทย

Change to English
 แสดงรายละเอียดบรรณานุกรม
  กลับหน้าหลัก

Brief Record : Get Marc (ISO 2709) : E-mail record : QR code < ปิดหน้าต่าง
LEADER : 00000nam 2200000uu 4500
001    13399112812
003     ULIB
008    110912s2542||||th 000 0 tha d
020    9746630601
050 04 LB2325^bอ133ก 2542
100 0  อดุลย์ วิริยเวชกุล
245 10 การอุดมศึกษาของฮ่องกง /^cแปลและเรียบเรียงโดย อดุลย์ วิริยเวชกุล
250    พิมพ์ครั้งที่ 1
260    กรุงเทพฯ :^bสำนักงานโครงการปฏิรูปอุดมศึกษา,^c2542
300    66 หน้า ;^c21 ซม
500    ฉ.1 เก็บที่ห้องปฏิรูปการศึกษา
500    แปลและเรียบเรียงจาก The University Grants Committee of Hong Kong
650  7 การปฏิรูปการศึกษา^zฮ่องกง^xวิจัย
650  7 การศึกษาขั้นอุดมศึกษา^zฮ่องกง^xวิจัย
650  7 การศึกษา^zฮ่องกง^xวิจัย
710 2  สำนักงานโครงการปฏิรูปอุดมศึกษา
710 2  สำนักงานคณะกรรมการการศึกษาแห่งชาติ
945    ^p0^l0^i012016
945    ^p0^l0^i012017
995    ทศพร
999 ^a ทศพร
รายการนี้ยังไม่มีแท็ก
คุณยังไม่ได้ล็อกอิน คุณสามารถมีกิจกรรมร่วมกับเว็บไซต์ได้ แต่ต้องล็อกอินก่อน ::
  ล็อกอิน

รายการสื่อสารสนเทศ

ลำดับที่ ประเภท เลขเรียก/บาร์โค้ด สถานที่ สถานะ
- ไม่พบข้อมูล -

รายการใกล้เคียง
    ผู้แต่ง [อดุลย์ วิริยเวชกุล]

BibComment


ยังไม่เคยถูกคอมเมนท์

คอมเมนท์ทรัพยากรรายการนี้
  คอมเมนท์: การอุดมศึกษาของฮ่..


 Copyright 2026. Bcnsprnw @Library